| 000 | 01543nam a2200301Ia 4500 | ||
|---|---|---|---|
| 999 |
_c6382 _d6382 |
||
| 003 | OSt | ||
| 005 | 20200608163926.0 | ||
| 008 | 191128t2014 sp ad fr 001 0 spa d | ||
| 020 | _a9788415581840 | ||
| 040 |
_aCO-JMCR _cCO-JMCR |
||
| 041 | 0 | _aspa | |
| 082 | 0 | 4 |
_a330.0151 / _bF275d _223 |
| 100 | 1 |
_aFernández Díaz, Andrés, _eautor _94505 |
|
| 245 | 1 | 0 |
_aDinámica caótica en economía : _bteoría y aplicaciones / _cAndrés Fernández Díaz y Pilar Grau Carles |
| 250 | _a3a. edición | ||
| 260 |
_aMadrid : _bDelta, _c©2014 |
||
| 300 |
_axx, 274 páginas : _bgráficos a blanco y negro ; _c24 cm. |
||
| 500 | _aIncluye índice de autores. | ||
| 504 | _aBibliografía: páginas 261-266 | ||
| 505 | 0 | _aIdeas, conceptos y técnicas -- Aplicaciones a la economía -- Un análisis empírico | |
| 520 | _aEl punto de partida de esta obra lo constituye el planteamiento del concepto de "caos determinista" como una solución de compromiso entre el indeterminismo práctico y el determinismo asintótico. Tomando como referencia el papel de las teorías y los modelos, así como la idea de emergencia y su relación con el reduccionismo y la complejidad, el autor aborda el estudio de la Dinámica no lineal aplicada al campo de la Economía, utilizando para ello las Matemáticas y técnicas del Caos. | ||
| 650 | 1 | 4 |
_aEconomía _95199 |
| 650 | 1 | 4 |
_aModelos matemáticos _91740 |
| 650 | 1 | 4 |
_aCaos determinístico _95200 |
| 650 | 1 | 4 |
_aCaos _xeconomía _95201 |
| 700 | 1 |
_aGrau Carles, Pilar, _eautora _95202 |
|
| 942 |
_2ddc _cBK |
||